| 000 | 01360nmm a2200289 a 4500 | ||
|---|---|---|---|
| 001 | ocm000621661 | ||
| 003 | TR-IsHL | ||
| 005 | 20201028155339.0 | ||
| 008 | 110704s2007 tu tur | ||
| 007 | cr cn | ||
| 020 | _a9789759173425 | ||
| 035 |
_a621661 _b(N$T) |
||
| 050 | 0 | 4 |
_aG490 _b.R63 2007 |
| 090 | 0 | 4 |
_aG490 _b.R63 2007 |
| 100 | 1 | _aRochebrune, A. De | |
| 245 | 1 | 0 |
_aDilber Kethy'nin Bursa ve İstanbul hatıratı _h[electronic resource] / _cA. De Rochebrune ; çev. Mahmud Sadık |
| 260 |
_aİstanbul : _bKitabevi, _c2007 |
||
| 300 | _a174 p. | ||
| 500 |
_aBu eser doğu ve batı kültürünü çık iyi bilen Fransız yazar Madam Aziza de Rochebrune tarafından Le Calvaire de I´Islam adıyla 1913 yılında Paris´te Fransızca Olarak neşredildi. Aynı eser Türk Gazetecilik tarihinin emektarlarından gazeteci yazar Mahmud Sadık tarafından Türkçe´ ye tercüme edilerek 1916 (1332) yılında İstanbul´da Dilber Keti-Mesaib-i İslam adıyla yeni harflere aktararak bir kez daha yayınlıyoruz. _x |
||
| 650 | 4 | _aSpor, Seyahat ve Turizm | |
| 650 | 4 | _aSports, Travel & Tourism | |
| 650 | 0 | _aGezi yazısı | |
| 650 | 0 | _aTravel writing | |
| 650 | 7 |
_aTRAVEL / Middle East / Turkey _2bisacsh |
|
| 700 | 1 | _aSadık, Mahmud | |
| 856 | 4 | 0 | _uhttp://search.ebscohost.com/login.aspx?direct=true&scope=site&db=e011xww&AN=621661 |
| 999 |
_c13038 _d13038 |
||